000 01526nam a22003017a 4500
999 _c561
_d561
003 AR-CdUCM
008 190225b ||||| |||| 00| 0 spa d
040 _aMUNICIPALIDAD PROVINCIAL DEL CUSCO
_cBIBLIOTECA MUNICIPAL DEL CUSCO
041 _heng
082 _a943 /
_bT79
100 _aTreue, Wilhelm
_92180
245 _aHistoria de Alemania /
260 _aMexico :
_bUteha ,
_c1964.
300 _a7 tomos ;
_bilustraciones, mapas,
_c17 cm.
440 _aManuales Uteha.
_n208
_92181
440 _aHistoria de Alemania Sección .
_n10
_92182
500 _at.3: Delos Staufer a los Habsburgo. t.6: Historia de Alemania de 1713 a 1806.
505 _aContenido: t.3: El restablecimiento de la monarquía -- La disolución del reino -- El ascenso de Austria -- t.4: En la época de la reforma de la contra reforma y de la guerra de los 30 años -- t.5: reconstrucción política y espiritual, entre la guerra de los 30 años y la muerte de Luis XIV, estados alemanes medianos y pequeños -- t.6: El siglo XVIII como unidad, El equilibrio europeo de 1714 a 1740 -- Prusia, Austria bajo Cárlos VI, Los sucesos del año 1740, Los comienzos de Federíco el grande ...
650 _aHistoria Universal.
_91423
650 _aRevolución Alemana.
_92183
650 _aHistoria de Alemania.
_92184
650 _aPrusia .
_92185
700 _aIbarra enciondo, Luis
_92186
700 _aGerhard, Carlos (traductores)
_92187
700 _aDannenbauer, Johannes (revisado)
_92188
942 _2ddc
_cLIBROS
945 _awfj
_d2019-02-25